000 01136nam a22001937a 4500
999 _c60417
_d60417
003 Ge_BSU
005 20230713160417.0
008 230713s1995ge xxu||||| |||| 00| 0 geo d
041 _ageo
080 _a94(479.224) + 323.1(479.224) გ-59
100 _aგოგოლაძე, დერმიშა, ავტ.
_919311
245 _a"აფხაზთა" საერისთავოს, დღევანდელი აფხაზეთის ძველ ეთნოსთა ვინაობისა და ეთნოსის მკვიდრობის საკითხი /
_c დერმიშა გოგოლაძე, [რედ.ანრი ბოგვერაძე]
264 _aთბილისი :
_bწ.კ. გამ. საზ. სათათ. საგამ. განყ-ბა,
_c1995.
300 _a46 გვ. ;
_b 20 სმ.
504 _aბიბლ. ტექსტის შენიშვნ.
653 _aაფხაზეთის ისტორია.
700 _aბოგვერაძე, ანრი
_eრედაქტორი
_919191
942 _2udc
_cBK